000 01352nam a22001577a 4500
999 _c211451
_d211451
005 20220901151621.0
008 220901b2022 ||||| |||| 00| 0 eng
020 _a9789811648540
082 _a344.041 RAP
100 _aRapso Vera Lucia & Beran Roy G Ed
245 _aMedical Liability in Asia and Australia
260 _aLondon
_bSpringer
_c2022
505 _aTable of Content Medical Negligence Law in Australia; Medical Malpractice Liability in China (Mainland); Medical Negligence Law in Fiji; Clinical Liability in Hong Kong: Revisiting Duty and Standard of Care; Law of Medical liability in India; Medical Liability in Indonesia: Overview and Regulatory Trends; Public Health Care Law & Ethics in Israel; Medical Injury Litigation and Compensation Systems in Japan; Medical liability in Macao; Medical Negligence in Malaysia: Selected Issues of Liabilities and Damages'?; Medical Liability in New Zealand; Medical Negligence Law in Papua New Guinea; Medical Liability in Qatar; Negligence in Russia: Expert Legal Analysis of Adverse Outcomes of Medical Care; The Patient-Centric Turn in Medical Liability in Singapore; Medical Liability in South Korea; Medical Malpractice in Taiwan.
650 _aMedical personnel - Malpractice - Asia - Australia
_vMedical Laws & Legislation - Physicians & Malpractice
942 _2ddc
_cBK